Normal view
MARC view
- القانون المدني -- أصول المحاكمات -- مصادر الالتزام
Entry Topical Term
001 - CONTROL NUMBER
- control field: 50636
003 - CONTROL NUMBER IDENTIFIER
- control field: JO-AjAnu
005 - DATE AND TIME OF LATEST TRANSACTION
- control field: 20230606082333.0
008 - FIXED-LENGTH DATA ELEMENTS
- fixed length control field: 230606|| aca||aabn | a|a d
040 ## - CATALOGING SOURCE
- Original cataloging agency: JO-AjAnu
- Transcribing agency: JO-AjAnu
150 ## - HEADING--TOPICAL TERM
- Topical term or geographic name entry element: القانون المدني -- أصول المحاكمات -- مصادر الالتزام
670 ## - SOURCE DATA FOUND
- Source citation: Work cat.: (JO-AjAnu)25885: السرحان ، عدنان ابراهيم ، م. مشارك خاطر ، نوري حمد , author 50635, شرح القانون المدني مصادر الحقوق الشخصية : الالتزامات " دراسة مقارنة "